[Event "Buenos Aires Masters op"]
[Site "Buenos Aires"]
[Date "2023.06.19"]
[Round "8"]
[White "Romano, Florencia"]
[Black "Contreras Quintero, Brigit Vyany"]
[Result "1/2-1/2"]
[WhiteElo "1341"]
[BlackElo "1583"]
[PlyCount "87"]
[EventDate "2023.06.14"]
[EventType "swiss"]
[EventRounds "9"]
[EventCountry "ARG"]
[SourceTitle "CBM 215 Extra"]
[Source "ChessBase"]
[SourceDate "2023.09.30"]
[SourceVersion "1"]
[SourceVersionDate "2023.09.30"]
[SourceQuality "1"]

1. d4 d5 2. c4 c6 3. Nf3 Nf6 4. Bf4 e6 5. e3 Be7 6. Nc3 0-0 7. Bd3 dxc4 8. Bxc4 b5 9. Bd3 Nbd7 10. 0-0 a6 11. Rc1 c5 12. dxc5 Nxc5 13. Be2 Qb6 14. Nd2 Bb7 15. b4 Ncd7 16. a3 Rac8 17. Bf3 Rfd8 18. Bxb7 Qxb7 19. Qe2 Nb6 20. Rfd1 h6 21. h3 Rd7 22. e4 Rcd8 23. e5 Nfd5 24. Be3 Nxe3 25. fxe3 Qb8 26. Nf3 Nc4 27. Rxd7 Rxd7 28. Ne4 Qa7 29. Rc3 Qb7 30. Nf2 Rd5 31. Qc2 Qb6 32. Qc1 Rd7 33. Kf1 Rd5 34. Ke2 Bf8 35. Ne4 Qb7 36. Nd6 Bxd6 37. exd6 Rxd6 38. Kf2 Qe4 39. a4 Rd3 40. Rxd3 Qxd3 41. axb5 axb5 42. Nd4 Nd6 43. Qc2 Qxc2+ 44. Nxc2 1/2-1/2

[Event "Vicente Lopez ProAm 100 Years op"]
[Site "Buenos Aires"]
[Date "2022.10.16"]
[Round "7"]
[White "Pinto, Jaer Morais"]
[Black "Romano, Florencia"]
[Result "1/2-1/2"]
[WhiteElo "1734"]
[BlackElo "1316"]
[PlyCount "111"]
[EventDate "2022.10.11"]
[EventType "swiss"]
[EventRounds "9"]
[EventCountry "ARG"]
[SourceTitle "CBM 210 Extra"]
[Source "ChessBase"]
[SourceDate "2022.11.30"]
[SourceVersion "1"]
[SourceVersionDate "2022.11.30"]
[SourceQuality "1"]

1. d4 d5 2. Nf3 Nf6 3. Bf4 e6 4. e3 h6 5. Nbd2 a6 6. Bd3 Nbd7 7. h3 Bd6 8. Ne5 Nh7 9. c3 Ndf6 10. Qc2 c5 11. a4 0-0 12. 0-0 Qc7 13. Bh2 Bd7 14. f4 Rae8 15. g4 g5 16. fxg5 hxg5 17. Rf2 Kg7 18. a5 Bc8 19. Ndf3 Ne4 20. Rff1 f6 21. dxc5 Qxc5 22. Nc4 Bxh2+ 23. Qxh2 dxc4 24. Bxe4 Qxe3+ 25. Rf2 Qxe4 26. Re1 Qc6 27. Nd4 Qd5 28. Qg3 Bd7 29. h4 Bc6 30. Rh2 Rh8 31. h5 Nf8 32. Qf2 Nd7 33. Rf1 Qe4 34. Nxc6 bxc6 35. Rg2 Rhf8 36. Re1 Qd5 37. Qc2 f5 38. Rd2 Qc5+ 39. Kg2 Nf6 40. Rd4 Nd5 41. Kh1 e5 42. Qd2 Kh6 43. b4 cxb3 44. Ra4 Qxc3 45. Qe2 e4 46. Rc4 Qh3+ 47. Kg1 Rf6 48. gxf5 Nf4 49. Qb2 Qxf5 50. Rcxe4 Nh3+ 51. Kh2 Rxe4 52. Rxe4 Nf4 53. Re3 Kxh5 54. Rxb3 Nd3 55. Rxd3 Qf4+ 56. Rg3 1/2-1/2

[Event "Vicente Lopez ProAm 100 Years op"]
[Site "Buenos Aires"]
[Date "2022.10.16"]
[Round "6"]
[White "Romano, Florencia"]
[Black "Gualpa, Carlos Alberto"]
[Result "0-1"]
[WhiteElo "1316"]
[BlackElo "1710"]
[PlyCount "94"]
[EventDate "2022.10.11"]
[EventType "swiss"]
[EventRounds "9"]
[EventCountry "ARG"]
[SourceTitle "CBM 210 Extra"]
[Source "ChessBase"]
[SourceDate "2022.11.30"]
[SourceVersion "1"]
[SourceVersionDate "2022.11.30"]
[SourceQuality "1"]

1. d4 d5 2. c4 c6 3. Nf3 Nf6 4. Nc3 Bg4 5. h3 Bxf3 6. exf3 e6 7. Bf4 Bd6 8. Be5 Bb4 9. a3 Bxc3+ 10. bxc3 0-0 11. Qa4 Nbd7 12. Bg3 dxc4 13. Qc2 b5 14. Be2 Nd5 15. 0-0 N7b6 16. Rfc1 Na4 17. Qd2 a6 18. Bd1 Nab6 19. a4 f5 20. Be5 Nd7 21. Bd6 Rf7 22. axb5 cxb5 23. f4 Qb6 24. Ba3 Qc7 25. g3 N7f6 26. Bf3 h5 27. Qe2 Re8 28. Bxh5 Nxh5 29. Qxh5 Nf6 30. Qf3 Ne4 31. Rc2 g6 32. Bc1 a5 33. Be3 Rb8 34. g4 b4 35. cxb4 axb4 36. Ra6 Re7 37. d5 b3 38. Rc6 Qa5 39. R2xc4 b2 40. Rc8+ Rxc8 41. Rxc8+ Kf7 42. dxe6+ Rxe6 43. gxf5 b1Q+ 44. Kh2 Qxf5 45. Rc7+ Re7 46. Rc1 Qb2 47. Rc5 Nxc5 0-1

[Event "Vicente Lopez ProAm 100 Years op"]
[Site "Buenos Aires"]
[Date "2022.10.15"]
[Round "5"]
[White "Romano, Florencia"]
[Black "Perez, Dalila"]
[Result "0-1"]
[WhiteElo "1316"]
[BlackElo "1748"]
[PlyCount "72"]
[EventDate "2022.10.11"]
[EventType "swiss"]
[EventRounds "9"]
[EventCountry "ARG"]
[SourceTitle "CBM 210 Extra"]
[Source "ChessBase"]
[SourceDate "2022.11.30"]
[SourceVersion "1"]
[SourceVersionDate "2022.11.30"]
[SourceQuality "1"]

1. d4 d5 2. c4 e6 3. Nf3 Nf6 4. Nc3 Be7 5. Bf4 c6 6. e3 Nbd7 7. Bd3 dxc4 8. Bxc4 b5 9. Bd3 Bb7 10. 0-0 a6 11. Rc1 Rc8 12. h3 c5 13. dxc5 Nxc5 14. Be2 0-0 15. Ne5 b4 16. Qxd8 Rfxd8 17. Nb1 Nd5 18. Bg3 Na4 19. Nc4 Ndb6 20. b3 Nxc4 21. bxc4 Bf6 22. Rfd1 Nc3 23. Rxd8+ Rxd8 24. Nxc3 bxc3 25. c5 Rd2 26. Bc4 Rb2 27. Bb3 Bc6 28. Bc7 Be4 29. g3 c2 30. Ba5 Rb1 31. Bd2 Bb2 32. Bxc2 Bxc2 33. c6 Bxc1 34. Be1 Be4 35. c7 Bb7 36. Kf1 Bd2 0-1

[Event "Vicente Lopez ProAm 100 Years op"]
[Site "Buenos Aires"]
[Date "2022.10.11"]
[Round "1"]
[White "Oro, Faustino"]
[Black "Romano, Florencia"]
[Result "1-0"]
[WhiteElo "2140"]
[BlackElo "1316"]
[PlyCount "77"]
[EventDate "2022.10.11"]
[EventType "swiss"]
[EventRounds "9"]
[EventCountry "ARG"]
[SourceTitle "CBM 210 Extra"]
[Source "ChessBase"]
[SourceDate "2022.11.30"]
[SourceVersion "1"]
[SourceVersionDate "2022.11.30"]
[SourceQuality "1"]

1. e4 e6 2. d4 d5 3. Nd2 Nf6 4. e5 Nfd7 5. Bd3 c5 6. c3 Nc6 7. Ne2 Be7 8. Nf3 0-0 9. Be3 f5 10. Nf4 Ndb8 11. 0-0 c4 12. Bc2 b5 13. b3 a5 14. a4 b4 15. bxc4 dxc4 16. Qe2 g5 17. Nh5 g4 18. Ne1 bxc3 19. Qxc4 Nb4 20. Qxc3 Nd5 21. Qb2 Nc6 22. Nd3 Rb8 23. Qc1 Ncb4 24. Nhf4 Nxc2 25. Qxc2 Qc7 26. Qxc7 Nxc7 27. Bd2 Re8 28. Rfc1 Nd5 29. Nxd5 exd5 30. Rc7 Bd8 31. Rc5 Be6 32. Nf4 Bb6 33. Nxe6 Bxc5 34. Nxc5 Rec8 35. Bc3 Rb6 36. h3 gxh3 37. gxh3 f4 38. Kh2 Rg6 39. e6 1-0

[Event "ARG-ch sf Amateur"]
[Site "Buenos Aires"]
[Date "2019.11.02"]
[Round "2.6"]
[White "De Leon, Daiana"]
[Black "Romano, Florencia"]
[Result "1-0"]
[WhiteElo "1606"]
[BlackElo "1345"]
[PlyCount "59"]
[EventDate "2019.11.01"]
[EventType "swiss"]
[EventRounds "6"]
[EventCountry "ARG"]
[SourceTitle "EXT 2024"]
[Source "ChessBase"]
[SourceDate "2023.10.10"]
[SourceVersion "1"]
[SourceVersionDate "2023.10.10"]
[SourceQuality "1"]

1. d4 d5 2. c4 e6 3. Nf3 Nf6 4. g3 Be7 5. Bg2 0-0 6. 0-0 c5 7. cxd5 exd5 8. Nc3 h6 9. Qb3 c4 10. Qc2 Nc6 11. Rd1 a6 12. e4 Nb4 13. Qe2 Re8 14. exd5 Nfxd5 15. Qxc4 Be6 16. Qe2 Rc8 17. a3 Qa5 18. Bd2 Nxc3 19. Bxc3 Qc7 20. axb4 Bc4 21. Qc2 Bf6 22. Rac1 Rcd8 23. Be1 b5 24. b3 Re2 25. Qb1 Bd3 26. Qxd3 Qe7 27. Ne5 Rxe5 28. dxe5 Rxd3 29. exf6 Rxd1 30. fxe7 1-0

[Event "Buenos Aires Duchamp Memorial op 4th"]
[Site "Buenos Aires"]
[Date "2012.10.25"]
[Round "4"]
[White "Plazaola, Sebastian"]
[Black "Romano, Florencia"]
[Result "1-0"]
[WhiteElo "1922"]
[BlackElo "1377"]
[PlyCount "88"]
[EventDate "2012.10.22"]
[EventType "swiss"]
[EventRounds "9"]
[EventCountry "ARG"]
[SourceTitle "EXT 2013"]
[Source "ChessBase"]
[SourceDate "2012.11.22"]
[SourceVersion "1"]
[SourceVersionDate "2012.11.22"]
[SourceQuality "1"]

1. e4 c6 2. c4 d5 3. exd5 cxd5 4. d4 Nf6 5. Nc3 e6 6. Bg5 Be7 7. Nf3 0-0 8. Bd3 h6 9. Bf4 b6 10. 0-0 Nc6 11. cxd5 exd5 12. Rc1 Nb4 13. Bb1 a6 14. a3 Nc6 15. Qd3 Bb7 16. Ne5 Rc8 17. Ng4 Ne4 18. Nxe4 dxe4 19. Qxe4 f5 20. Qe6+ Kh8 21. Nxh6 Qe8 22. Nxf5 Rf6 23. Qe4 Qg6 24. Nxe7 Qxe4 25. Bxe4 Nxe7 26. Rxc8+ Bxc8 27. Be5 Rf7 28. Re1 Bf5 29. f3 Kh7 30. d5 Ng6 31. Bd4 b5 32. d6 Bd7 33. h4 Kh6 34. Be3+ Kh5 35. g4+ Kxh4 36. Bxg6 Rxf3 37. Bf2+ Kxg4 38. Re7 Rf6 39. Rxg7 Kf3 40. Bh5+ Ke4 41. Rxd7 Kd5 42. Bg3 Rf5 43. Bf7+ Kd4 44. Rc7 Rg5 1-0